| 000 | 00630nam a2200193Ia 4500 | ||
|---|---|---|---|
| 003 | GCL | ||
| 008 | 140319s9999 xx 000 0 ara d | ||
| 040 |
_aGCL / _cGCL |
||
| 082 | 0 | 4 |
_a214 _bج م |
| 100 | 1 | _aجمال بدوى | |
| 245 | 1 | 0 |
_aمن تراث الفكر السياسى فى الاسلام / _cجمال بدوى |
| 260 |
_aالقاهرة : _bالهيئة المصرية العامة للكتاب ، _c1989 |
||
| 300 |
_a185 ص ؛ _c24 سم |
||
| 490 | _a | ||
| 650 | 0 | 4 | _aالاسلام |
| 650 | 0 | 4 | _aالاسلام والاصلاح السياسى |
| 650 | 0 | 4 | _aالاسلام والسياسة |
| 942 |
_2ddc _cBK |
||
| 999 |
_c28967 _d28967 |
||